[Event "11th European Senior"]
[Site "Courmayeur ITA"]
[Date "2011.04.12"]
[Round "7.14"]
[White "Hohler, Peter"]
[Black "Khmiadashvili, Tamar"]
[Result "1/2-1/2"]
[WhiteTitle "FM"]
[BlackTitle "WGM"]
[WhiteElo "2144"]
[BlackElo "2194"]
[WhiteFideId "1300296"]
[BlackFideId "13600346"]
[EventDate "2011.04.06"]

1. d4 d5 2. c4 e6 3. Nc3 Nf6 4. cxd5 exd5 5. Bg5 Be7 6. e3 Nbd7 7. Bd3 O-O 8.
Qc2 c6 9. Nf3 Re8 10. O-O Nf8 11. Rab1 Nh5 12. Bxe7 Qxe7 13. b4 g5 14. Bf5 Ng7
15. Bxc8 Raxc8 16. b5 Ng6 17. bxc6 bxc6 18. Na4 g4 19. Nd2 Nh4 20. Nc5 Qg5 21.
Rb3 Ngf5 22. Qd1 h5 23. Kh1 Re7 24. a4 Rce8 25. a5 Ng6 26. a6 h4 27. Rb7 g3 28.
Nf3 Qh6 29. Qb1 Qh5 30. Rxe7 Rxe7 31. e4 h3 32. hxg3 dxe4 33. Nxe4 Kg7 34. Nh2
hxg2+ 35. Kxg2 Nxd4 36. Kg1 Qd5 37. Nc3 Qe5 38. Kg2 f5 39. Qd3 c5 40. Nf3 Nxf3
41. Qxf3 Qe6 42. Rd1 Ne5 43. Qd5 Qxa6 44. Qxc5 Qc6+ 45. Qxc6 Nxc6 1/2-1/2

[Event "11th European Senior"]
[Site "Courmayeur ITA"]
[Date "2011.04.12"]
[Round "7.15"]
[White "Valenti, Giuseppe"]
[Black "Estrada Martinez, Cesar"]
[Result "1-0"]
[WhiteTitle "FM"]
[WhiteElo "2143"]
[BlackElo "2193"]
[WhiteFideId "801119"]
[BlackFideId "2210649"]
[EventDate "2011.04.06"]

1. b3 Nf6 2. Bb2 g6 3. Nf3 Bg7 4. e4 d6 5. d3 O-O 6. Nbd2 e5 7. g3 Nc6 8. Bg2
Nh5 9. O-O f5 10. h3 Nf6 11. Re1 fxe4 12. dxe4 h6 13. a4 Be6 14. Qe2 Qd7 15. Kh2
Rf7 16. Rad1 Raf8 17. Nc4 Qc8 18. Rf1 g5 19. Nfd2 Ne7 20. Ba3 Ng6 21. Ne3 h5 22.
Ndc4 g4 23. hxg4 Nxg4+ 24. Kg1 Nxf2 25. Rd2 h4 26. Qh5 h3 27. Rfxf2 h2+ 28. Qxh2
Rxf2 29. Rxf2 Rxf2 30. Kxf2 Qf8+ 31. Ke2 Qf6 32. Bh3 Bf7 33. Bf5 Qg5 34. Bc1 Ne7
35. Bh7+ Kf8 36. Qh4 Bh5+ 37. Ke1 Qh6 38. g4 Qxh7 39. gxh5 Kf7 40. Qf2+ Kg8 41.
Qf3 Bh6 42. Bd2 Bf4 43. Ng4 Bxd2+ 44. Kxd2 Qg7 45. Nce3 c6 46. Nf6+ Kh8 47. Ne8 1-0

[Event "11th European Senior"]
[Site "Courmayeur ITA"]
[Date "2011.04.12"]
[Round "7.16"]
[White "Miednikova, Swietlana"]
[Black "Fatalibekova, Elena"]
[Result "1/2-1/2"]
[WhiteTitle "WFM"]
[BlackTitle "WGM"]
[WhiteElo "2169"]
[BlackElo "2282"]
[WhiteFideId "4109961"]
[BlackFideId "4106792"]
[EventDate "2011.04.06"]

1. e4 c5 2. Nf3 e6 3. b3 d6 4. Bb2 Nf6 5. e5 dxe5 6. Nxe5 a6 7. f4 Nbd7 8. Bd3
g6 9. Qf3 Bg7 10. O-O O-O 11. a4 Nxe5 12. Bxe5 Qd5 13. Nc3 Qxf3 14. Rxf3 Bd7 15.
Re1 Bc6 1/2-1/2

[Event "11th European Senior"]
[Site "Courmayeur ITA"]
[Date "2011.04.12"]
[Round "7.17"]
[White "Kierzek, Matthias, Dr."]
[Black "Serra Olives, Tomas"]
[Result "1-0"]
[BlackTitle "FM"]
[WhiteElo "2135"]
[BlackElo "2208"]
[WhiteFideId "4647009"]
[BlackFideId "2203774"]
[EventDate "2011.04.06"]

1. d4 Nf6 2. c4 e6 3. Nf3 c5 4. d5 exd5 5. cxd5 g6 6. Nc3 d6 7. Bf4 Bg7 8. Qa4+
Bd7 9. Qb3 Qc7 10. h3 O-O 11. e3 a6 12. a4 Nh5 13. Bh2 f5 14. Be2 f4 15. O-O Bh6
16. e4 Ng7 17. e5 Nf5 18. Ne4 Be8 19. exd6 Nxd6 20. Nxd6 Qxd6 21. Qxb7 Bd7 22.
Qxa8 Bc8 23. b4 Nd7 24. Qc6 Qb8 25. bxc5 Nf6 26. Rab1 Qa7 27. d6 Qf7 28. Ne5 Qg7
29. Bc4+ Kh8 30. Rb8 Bf5 31. Nf7+ Qxf7 32. Bxf7 Rxb8 33. Qxa6 f3 34. d7 Rf8 35.
Qxf6+ 1-0

[Event "11th European Senior"]
[Site "Courmayeur ITA"]
[Date "2011.04.12"]
[Round "7.18"]
[White "Vrhovnik, Damir"]
[Black "Iudicello, Giovanni"]
[Result "1/2-1/2"]
[WhiteElo "2063"]
[BlackElo "2180"]
[WhiteFideId "14526956"]
[BlackFideId "804738"]
[EventDate "2011.04.06"]

1. Nf3 Nf6 2. c4 g6 3. b4 Bg7 4. Bb2 d6 5. d4 O-O 6. e3 Nbd7 7. Be2 e5 8. Nc3
Qe7 9. O-O e4 10. Nd2 Re8 11. Qc2 h5 12. Rac1 c6 13. b5 c5 14. Nb3 b6 15. Rfd1
Nf8 16. Nd5 Nxd5 17. cxd5 Bf5 18. dxc5 dxc5 19. Bxg7 Kxg7 20. Nd2 Nd7 21. Nc4
Red8 22. Qc3+ Qf6 23. f3 Qxc3 24. Rxc3 Nf6 25. d6 Ne8 26. fxe4 Bxe4 27. Bf3 f5
28. Bxe4 fxe4 29. a4 Rd7 30. Rc2 Kf6 31. Rd5 Rad8 32. Rf2+ Kg7 33. a5 bxa5 34.
Rc2 Kf6 35. h4 a4 1/2-1/2

[Event "11th European Senior"]
[Site "Courmayeur ITA"]
[Date "2011.04.12"]
[Round "7.20"]
[White "Zhelesny, Stanislav"]
[Black "Muratoglu, Salih"]
[Result "1/2-1/2"]
[WhiteTitle "FM"]
[WhiteElo "2172"]
[BlackElo "2076"]
[WhiteFideId "4115244"]
[BlackFideId "6300570"]
[EventDate "2011.04.06"]

1. d4 g6 2. e4 d6 3. f4 Bg7 4. Nf3 Nf6 5. Nc3 Bg4 6. Be2 Nc6 7. Be3 Bxf3 8. Bxf3
e5 9. fxe5 dxe5 10. d5 Na5 11. Qe2 b6 12. O-O O-O 13. Rad1 Nb7 14. Nb1 Qe7 15.
c4 Nd7 16. Nc3 a5 17. Qd2 Rad8 18. b3 Nd6 19. a4 f5 20. Bg5 Bf6 21. Bh6 Rfe8 22.
exf5 Nxf5 23. Ne4 Nxh6 24. Qxh6 Bg7 25. Qe3 Nc5 26. Bg4 Rf8 27. Nxc5 Qxc5 28.
Qxc5 bxc5 1/2-1/2

[Event "11th European Senior"]
[Site "Courmayeur ITA"]
[Date "2011.04.12"]
[Round "7.21"]
[White "Gousseinov, Aguif"]
[Black "Kratschmer, Heinz"]
[Result "0-1"]
[WhiteElo "1979"]
[BlackElo "2161"]
[WhiteFideId "612480"]
[BlackFideId "1606670"]
[EventDate "2011.04.06"]

1. e4 c5 2. Nf3 g6 3. d4 cxd4 4. Nxd4 Nc6 5. Nc3 Bg7 6. Be3 Nf6 7. Be2 O-O 8.
Qd2 d5 9. exd5 Nb4 10. O-O-O Nfxd5 11. Nxd5 Nxd5 12. Nb3 Be6 13. Bd4 Qc7 14.
Bxg7 Kxg7 15. Nd4 Bd7 16. h4 h5 17. Bxh5 e5 18. Bf3 Nf6 19. Ne2 Rad8 20. Qc3 Qb8
21. h5 Bf5 22. hxg6 Rc8 23. Ng3 Bxg6 0-1

[Event "11th European Senior"]
[Site "Courmayeur ITA"]
[Date "2011.04.12"]
[Round "7.22"]
[White "Kayaman, Metin"]
[Black "Nickl, Klaus"]
[Result "0-1"]
[WhiteElo "1973"]
[BlackElo "2140"]
[WhiteFideId "6301185"]
[BlackFideId "1601024"]
[EventDate "2011.04.06"]

1. d4 Nf6 2. c4 g6 3. Nc3 Bg7 4. Nf3 d6 5. g3 O-O 6. Bg2 Nc6 7. e4 Bg4 8. Be3
Nd7 9. h3 Bxf3 10. Bxf3 e5 11. d5 Nd4 12. Bg2 c5 13. dxc6 bxc6 14. O-O Rb8 15.
Rb1 Qa5 16. Qd2 Qb4 17. b3 Qxc3 18. Qxc3 Ne2+ 19. Kh2 Nxc3 20. Rb2 Nf6 21. f3 d5
22. Bxa7 Ra8 23. Bc5 Rfe8 24. exd5 cxd5 25. Rc1 d4 26. a4 Bf8 27. Bb6 Rab8 28.
a5 Nd7 29. f4 Nxb6 30. axb6 e4 31. Rd2 d3 32. b7 Red8 33. Re1 f5 34. Bf1 Rxb7 0-1

[Event "11th European Senior"]
[Site "Courmayeur ITA"]
[Date "2011.04.12"]
[Round "7.23"]
[White "Topaloglu, Hayati"]
[Black "Colombo, Paolo"]
[Result "1/2-1/2"]
[WhiteElo "1881"]
[BlackElo "2130"]
[WhiteFideId "6310338"]
[BlackFideId "802379"]
[EventDate "2011.04.06"]

1. e4 d6 2. d4 Nf6 3. Bd3 e5 4. Nf3 Nbd7 5. Bg5 Be7 6. Nbd2 O-O 7. h3 c6 8. c3
Ne8 9. Bxe7 Qxe7 10. Qe2 Nc7 11. O-O Ne6 12. g3 Nc7 13. Kh2 Nb6 14. b3 Bd7 15.
Nh4 Rae8 16. Rae1 g6 17. Qe3 Kg7 18. f4 f6 19. f5 exd4 20. cxd4 g5 21. Ng2 Qf7
22. Qf3 Re7 23. Ne3 Rfe8 24. Ndc4 Nc8 25. Nd2 Kh8 26. g4 Qg7 27. Qg3 Rd8 28. Kg2
Be8 29. Rh1 d5 30. e5 fxe5 31. Ref1 Qf6 32. dxe5 Qxe5 33. Qxe5+ Rxe5 34. Kf2 d4
35. Nec4 Re7 36. Nf3 b5 37. Nce5 Nd5 38. h4 gxh4 39. Rxh4 1/2-1/2

[Event "11th European Senior"]
[Site "Courmayeur ITA"]
[Date "2011.04.12"]
[Round "7.24"]
[White "Laco, Giuseppe"]
[Black "Beltrami, Nerio"]
[Result "1-0"]
[WhiteElo "2128"]
[BlackElo "1956"]
[WhiteFideId "800880"]
[BlackFideId "816191"]
[EventDate "2011.04.06"]

1. c4 Nf6 2. Nc3 g6 3. e4 d6 4. d4 Bg7 5. Be2 a6 6. Be3 b6 7. Bf3 e5 8. d5 Nbd7
9. g4 Nc5 10. b4 Nb7 11. h3 h6 12. Nge2 h5 13. Rg1 hxg4 14. hxg4 Bd7 15. g5 Nh5
16. Qd2 Qe7 17. O-O-O O-O-O 18. Qd3 Kb8 19. Kb2 Be8 20. Bxh5 Rxh5 21. Ng3 Rh8
22. Kb3 Ka7 23. Ra1 Ra8 24. a3 Bd7 25. Nf1 f5 26. gxf6 Qxf6 27. Qd2 Raf8 28. a4
a5 29. Nb5+ Kb8 30. Qd3 Rh3 31. Rg3 Rfh8 32. Ra2 Rxg3 33. Nxg3 Qf3 34. Nxc7 axb4
35. Na6+ Kc8 36. Kxb4 Nc5 37. Nxc5 bxc5+ 38. Kc3 Kc7 39. a5 Bh6 40. Bxh6 Qxd3+
41. Kxd3 Rxh6 42. a6 Rh8 43. Ke3 Ra8 44. f4 exf4+ 45. Kxf4 Bc8 46. a7 Kb6 47. e5
dxe5+ 48. Kxe5 Ba6 49. Rc2 Kxa7 50. Kd6 Rf8 51. Rc3 Rf4 52. Kxc5 Rg4 53. Ne2 Kb7
54. Nd4 Kc7 55. Rh3 Bc8 56. Rh7+ Bd7 57. Nc6 Rg5 58. Rg7 Kc8 59. Kb6 Be8 60.
Rc7# 1-0

[Event "11th European Senior"]
[Site "Courmayeur ITA"]
[Date "2011.04.12"]
[Round "7.25"]
[White "Guillaumat, Jean-Pierre"]
[Black "Thieme, Hans"]
[Result "1/2-1/2"]
[WhiteElo "1890"]
[BlackElo "2101"]
[WhiteFideId "620823"]
[BlackFideId "24612561"]
[EventDate "2011.04.06"]

1. e4 c5 2. Nf3 e6 3. c3 d5 4. exd5 Qxd5 5. d4 Nf6 6. Be2 Be7 7. c4 Qd8 8. Nc3
cxd4 9. Qxd4 O-O 10. Qxd8 Rxd8 11. O-O Nc6 12. Bf4 Bd7 13. Rfd1 1/2-1/2

[Event "11th European Senior"]
[Site "Courmayeur ITA"]
[Date "2011.04.12"]
[Round "7.27"]
[White "Bayer, Wolfgang"]
[Black "Catalfamo, Santo"]
[Result "1-0"]
[WhiteElo "2073"]
[BlackElo "1918"]
[WhiteFideId "24629251"]
[BlackFideId "866547"]
[EventDate "2011.04.06"]

1. c4 c5 2. g3 g6 3. Bg2 Bg7 4. e4 e5 5. Nc3 a6 6. Nge2 Ne7 7. O-O O-O 8. f4
Nbc6 9. d3 d6 10. a3 f5 11. Rb1 Rb8 12. b4 cxb4 13. axb4 Qb6+ 14. Kh1 Nxb4 15.
Ba3 a5 16. Na4 Qa6 17. Bxb4 axb4 18. Rxb4 Bd7 19. Nb6 Bc6 20. Qb3 Kh8 21. Rb1
Qa7 22. exf5 Bxg2+ 23. Kxg2 Qa5 24. Nd7 Nxf5 25. Ra4 Qd2 26. Ra2 Qe3 27. Rf1
exf4 28. Rf3 Qe6 29. Nxf8 Rxf8 30. Nxf4 Ne3+ 31. Kh1 Qe5 32. d4 Qe4 33. Rf2 Ng4
34. Re2 Qc6 35. d5 Qa6 36. Ra2 1-0

[Event "11th European Senior"]
[Site "Courmayeur ITA"]
[Date "2011.04.12"]
[Round "7.28"]
[White "Gardi, Giuseppe"]
[Black "Quagliarella, Sabino Remo"]
[Result "0-1"]
[WhiteElo "2061"]
[BlackElo "1889"]
[WhiteFideId "811211"]
[BlackFideId "822469"]
[EventDate "2011.04.06"]

1. d4 Nf6 2. Nf3 d5 3. e3 c5 4. c3 Nc6 5. Bd3 Bg4 6. h3 Bh5 7. g4 c4 8. Bc2 Bg6
9. Nbd2 e6 10. Bxg6 hxg6 11. Ng1 e5 12. Qf3 e4 13. Qg2 Bd6 14. f3 Qe7 15. fxe4
Nxe4 16. Nxe4 dxe4 17. Ne2 O-O-O 18. Bd2 Qh4+ 19. Kd1 Rde8 20. Be1 Rd8 21. Bg3
Bxg3 22. Nxg3 Ne5 23. Nxe4 Nd3 24. Kc2 Qe7 25. Nd6+ Qxd6 26. e4 Qc6 27. b3 Rhe8
28. bxc4 Nf4 29. Qf1 Rxe4 30. Kc1 0-1

[Event "11th European Senior"]
[Site "Courmayeur ITA"]
[Date "2011.04.12"]
[Round "7.29"]
[White "Capece, Adolivio"]
[Black "Papa, Angelo"]
[Result "1-0"]
[WhiteElo "2049"]
[BlackElo "1866"]
[WhiteFideId "807664"]
[BlackFideId "812285"]
[EventDate "2011.04.06"]

1. c4 e5 2. Nc3 g6 3. g3 Bg7 4. Bg2 Nc6 5. d3 d6 6. Nd5 Nf6 7. Bg5 h6 8. Bd2 O-O
9. Qc1 Kh7 10. h4 Be6 11. Nxf6+ Bxf6 12. Bxh6 Rh8 13. Nf3 Kg8 14. Bg5 d5 15.
Bxf6 Qxf6 16. Qg5 Qxg5 17. Nxg5 Rd8 18. Nxe6 fxe6 19. e3 Nb4 20. Ke2 dxc4 21.
dxc4 Kf7 22. Rhd1 c6 23. a3 Na6 24. b4 Nc7 25. Rxd8 Rxd8 26. Rd1 Rxd1 27. Kxd1
Kf6 28. Ke2 a6 29. Be4 Ne8 30. Kd3 Kg7 31. f3 Kh6 32. g4 Nd6 33. a4 Nc8 34. c5
Ne7 35. Kc4 Nd5 36. Bxd5 exd5+ 37. Kd3 g5 38. h5 Kg7 39. Ke2 Kf6 40. Kf2 Ke6 41.
f4 gxf4 42. exf4 exf4 43. Kf3 Ke5 1-0

[Event "11th European Senior"]
[Site "Courmayeur ITA"]
[Date "2011.04.12"]
[Round "7.30"]
[White "Kierzek, Mira"]
[Black "D Aulisa, Francesco"]
[Result "1-0"]
[WhiteTitle "WFM"]
[WhiteElo "2044"]
[BlackElo "1768"]
[WhiteFideId "15002110"]
[BlackFideId "821390"]
[EventDate "2011.04.06"]

1. e4 d6 2. d4 e6 3. Nf3 h6 4. c4 Nd7 5. Nc3 Ne7 6. Bd3 b6 7. O-O Bb7 8. Be3 a6
9. Rc1 g5 10. b4 Ng6 11. a3 Rg8 12. Bb1 Be7 13. Ne1 e5 14. Nd5 Nf4 15. Qc2 Bf8
16. dxe5 dxe5 17. Rd1 Be7 18. Nf3 Qc8 19. c5 bxc5 20. bxc5 c6 21. Nxe7 Kxe7 22.
Rd6 Qf8 23. Qb2 Rb8 24. Nxe5 Nxe5 25. Qxe5+ Ne6 26. Ba2 Rg6 27. Rfd1 Qg7 28.
Rd7+ 1-0

[Event "11th European Senior"]
[Site "Courmayeur ITA"]
[Date "2011.04.12"]
[Round "7.31"]
[White "Levinsky, Gregory"]
[Black "Chireykina, Natalia"]
[Result "1-0"]
[WhiteElo "2026"]
[BlackElo "1831"]
[WhiteFideId "2805561"]
[BlackFideId "24132136"]
[EventDate "2011.04.06"]

1. e4 c5 2. Nc3 Nc6 3. Bc4 e6 4. f4 Nge7 5. d3 d5 6. Bb3 Nd4 7. Ba4+ Bd7 8.
Bxd7+ Qxd7 9. Nf3 Nec6 10. Ne5 Nxe5 11. fxe5 Be7 12. O-O O-O-O 13. Rxf7 g5 14.
Bxg5 Bxg5 15. Rxd7 Be3+ 16. Kh1 Kxd7 17. exd5 Ke8 18. Nb5 1-0

[Event "11th European Senior"]
[Site "Courmayeur ITA"]
[Date "2011.04.12"]
[Round "7.32"]
[White "Elfert, Aleksandr V."]
[Black "Smits, Oswald"]
[Result "1-0"]
[WhiteTitle "IM"]
[WhiteElo "2039"]
[BlackElo "1870"]
[WhiteFideId "4121325"]
[BlackFideId "24619892"]
[EventDate "2011.04.06"]

1. e4 c5 2. Nf3 Nc6 3. Bb5 a6 4. Bxc6 bxc6 5. Nc3 g6 6. d4 cxd4 7. Qxd4 f6 8. h4
Bg7 9. h5 e5 10. Qc4 Bb7 11. Be3 g5 12. O-O-O a5 13. a3 Ba6 14. Qa2 Bf8 15. Rhe1
Nh6 16. Na4 d6 17. Bc5 Nf7 18. Nb6 Rb8 1-0

[Event "11th European Senior"]
[Site "Courmayeur ITA"]
[Date "2011.04.12"]
[Round "7.33"]
[White "Weyand, Fernand"]
[Black "Pipitone, Antonio"]
[Result "1/2-1/2"]
[WhiteElo "1845"]
[BlackElo "2012"]
[WhiteFideId "638633"]
[BlackFideId "804541"]
[EventDate "2011.04.06"]

1. e4 c5 2. Nc3 Nc6 3. f4 g6 4. Nf3 Bg7 5. Bb5 e6 6. d3 Nge7 7. O-O O-O 8. Qe1
d5 9. e5 a6 10. Bxc6 Nxc6 11. Nd1 Nb4 12. Qe2 Bd7 13. c3 Nc6 14. Nf2 Rc8 15. Bd2
b5 16. Be1 a5 17. Ng4 h5 18. Nf2 b4 19. Ng5 Nxe5 20. Nxe6 Bxe6 21. fxe5 Qc7 22.
d4 cxd4 23. cxd4 Qb6 24. Rd1 Rc4 25. Qe3 Rfc8 26. b3 Rc2 27. Rd2 Kh7 28. Nd3 Bh6
29. Nf4 R8c3 30. Qf2 Rc1 31. Re2 Rc7 32. Bd2 Rxf1+ 33. Kxf1 Bg7 34. Be3 Qb5 35.
Ke1 Bg4 36. Rc2 Rc3 37. Rxc3 bxc3 38. Qc2 Bh6 39. h3 Bc8 40. Qxc3 Qa6 41. Qc7
Kg8 42. Qd8+ Bf8 43. Kd2 Qb5 44. Kc2 1/2-1/2

[Event "11th European Senior"]
[Site "Courmayeur ITA"]
[Date "2011.04.12"]
[Round "7.34"]
[White "Giani, Franco"]
[Black "Carboni, Giancarlo"]
[Result "1-0"]
[WhiteElo "1960"]
[BlackElo "1827"]
[WhiteFideId "811238"]
[BlackFideId "843903"]
[EventDate "2011.04.06"]

1. e3 c5 2. c4 Nf6 3. Nc3 g6 4. Nf3 Bg7 5. d4 cxd4 6. exd4 O-O 7. Be2 d6 8. O-O
a6 9. h3 Nbd7 10. Be3 h6 11. Qd2 Kh7 12. Rad1 b6 13. Qc2 Re8 14. b4 Qc7 15. Rc1
Bb7 16. d5 Rac8 17. Rfd1 e5 18. dxe6 Rxe6 19. Nd4 Ree8 20. Qb1 Qb8 21. Na4 Ne4
22. Nf3 b5 23. cxb5 axb5 24. Rxc8 Rxc8 25. Bxb5 Ne5 26. Nd2 Nc3 27. Nxc3 Rxc3
28. Bf1 Qc7 29. a4 Rc2 30. b5 Qc3 31. a5 Rb2 32. Qc1 Qxa5 33. Nc4 Nxc4 34. Bxc4
d5 35. Bf1 Qa8 36. Bxh6 Rxf2 37. Bxg7 Rxf1+ 38. Rxf1 Kxg7 39. Qc7 1-0

[Event "11th European Senior"]
[Site "Courmayeur ITA"]
[Date "2011.04.12"]
[Round "7.35"]
[White "Ortega Morales, Pedro"]
[Black "Bisignano, Giuseppe"]
[Result "0-1"]
[WhiteElo "1848"]
[BlackElo "1938"]
[WhiteFideId "2253429"]
[BlackFideId "812358"]
[EventDate "2011.04.06"]

1. d4 Nf6 2. Bf4 d6 3. e3 g6 4. Be2 Bg7 5. Nf3 O-O 6. h3 Nbd7 7. O-O c5 8. c3 b6
9. Nbd2 Bb7 10. a4 Nd5 11. Bg3 e5 12. Bc4 cxd4 13. cxd4 Rc8 14. Qb3 N5f6 15.
dxe5 dxe5 16. Rfd1 Qe7 17. Qa3 Qxa3 18. Rxa3 Rfd8 19. Raa1 a5 20. Be2 Nh5 21.
Bh4 Nhf6 22. Nc4 Ba6 23. b3 Nc5 24. Rxd8+ Rxd8 25. Rd1 Re8 26. Bf1 Nd5 27. Nfd2
e4 28. Nd6 Re6 29. Bxa6 Rxd6 30. Bg3 Rd8 31. Bc4 Nc3 32. Rc1 Rxd2 33. Bc7 Nd3
34. Rf1 Be5 0-1

[Event "11th European Senior"]
[Site "Courmayeur ITA"]
[Date "2011.04.12"]
[Round "7.36"]
[White "Sevenyuk, Alexey"]
[Black "Squarci, Franco"]
[Result "1-0"]
[WhiteElo "1932"]
[BlackElo "1777"]
[WhiteFideId "13504606"]
[BlackFideId "809110"]
[EventDate "2011.04.06"]

1. Nf3 Nf6 2. b3 d6 3. d4 g6 4. Bb2 Bg7 5. Nbd2 O-O 6. e4 Bg4 7. Be2 c6 8. h3
Be6 9. O-O d5 10. e5 Nfd7 11. Ng5 Bf5 12. f4 h6 13. Ngf3 c5 14. c3 Nc6 15. Nh4
e6 16. Nxf5 gxf5 17. Bb5 a6 18. Bxc6 bxc6 19. Qf3 f6 20. exf6 Bxf6 21. Rfe1 Re8
22. Qh5 Bg7 23. Qg6 Qf6 24. Qxf6 Bxf6 25. Nf3 cxd4 26. Nxd4 Bxd4+ 27. cxd4 Nf6
28. Rac1 Rac8 29. Ba3 Ne4 30. Re2 Rc7 31. Rec2 Rec8 32. Bb4 Kf7 33. Ba5 Rb7 34.
Rxc6 Rxc6 35. Rxc6 Ra7 36. Kf1 h5 37. Ke2 h4 38. Be1 a5 39. Bxh4 a4 1-0

[Event "11th European Senior"]
[Site "Courmayeur ITA"]
[Date "2011.04.12"]
[Round "7.37"]
[White "Cavatorta, Fosco"]
[Black "Benito Alba, Eladio"]
[Result "1-0"]
[WhiteElo "1914"]
[BlackElo "1775"]
[WhiteFideId "809195"]
[BlackFideId "2225050"]
[EventDate "2011.04.06"]

1. d4 d5 2. Nf3 Nf6 3. e3 e6 4. Bd3 c5 5. c3 Nc6 6. Nbd2 Be7 7. O-O O-O 8. dxc5
Bxc5 9. e4 dxe4 10. Nxe4 Nxe4 11. Bxe4 Qxd1 12. Rxd1 f6 13. b4 Bb6 14. a4 e5 15.
a5 Bc7 16. a6 Rd8 17. Rxd8+ Nxd8 18. Be3 f5 19. Bd5+ Kh8 20. axb7 Bxb7 21. Bxb7
Nxb7 22. Rxa7 Rxa7 23. Bxa7 Kg8 24. Kf1 e4 25. Nd4 1-0

[Event "11th European Senior"]
[Site "Courmayeur ITA"]
[Date "2011.04.12"]
[Round "7.38"]
[White "Frank, Albert"]
[Black "Renzini, Lorenzo"]
[Result "1-0"]
[WhiteElo "1909"]
[BlackElo "1747"]
[WhiteFideId "200948"]
[BlackFideId "821985"]
[EventDate "2011.04.06"]

1. Nf3 Nf6 2. c4 e6 3. g3 d5 4. Bg2 g6 5. b3 Bg7 6. Ba3 dxc4 7. Nc3 Nbd7 8. bxc4
c5 9. O-O O-O 10. Rb1 a6 11. d4 b5 12. Ne5 Nxe5 13. dxe5 Rb8 14. Qxd8 Rxd8 15.
exf6 Bxf6 16. Ne4 Be7 17. Bxc5 Kf8 18. Bxe7+ Kxe7 19. cxb5 axb5 20. Rfd1 Re8 21.
Rd2 e5 22. Rdb2 Rd8 23. Kf1 Bf5 24. Ke1 Rdc8 25. Rxb5 Rxb5 26. Rxb5 Rc4 27.
Rxe5+ Kf8 28. g4 Be6 29. Rc5 Ra4 30. Nc3 Ra3 31. Kd2 Ke7 32. g5 1-0

[Event "11th European Senior"]
[Site "Courmayeur ITA"]
[Date "2011.04.12"]
[Round "7.39"]
[White "Belokopyt, Boris"]
[Black "Pintauro, Antonello"]
[Result "1/2-1/2"]
[WhiteElo "2066"]
[BlackElo "1616"]
[WhiteFideId "4152530"]
[BlackFideId "878685"]
[EventDate "2011.04.06"]

1. e4 e6 2. d3 d5 3. Nd2 Nf6 4. Ngf3 dxe4 5. dxe4 Be7 6. Bb5+ Bd7 7. Qe2 O-O 8.
O-O Bxb5 9. Qxb5 b6 10. Qe2 Nbd7 11. b3 c5 12. e5 Nd5 13. Ne4 Qc7 14. c4 Nb4 15.
Bf4 Rfd8 16. Rfe1 Nf8 17. Bg5 Bxg5 18. Nexg5 h6 19. Nh3 Ng6 20. g3 Rd7 21. Red1
Rad8 22. Rxd7 Qxd7 23. a3 Nc6 24. Qe4 Nd4 25. Nd2 Ne2+ 26. Qxe2 Qxd2 27. Qxd2
Rxd2 28. f4 Rb2 29. Nf2 Rxb3 30. Ne4 Ne7 31. a4 Nc6 1/2-1/2

[Event "11th European Senior"]
[Site "Courmayeur ITA"]
[Date "2011.04.12"]
[Round "7.40"]
[White "Bonino, Silvano"]
[Black "Ivanov, Michail"]
[Result "1-0"]
[WhiteElo "1465"]
[BlackElo "1935"]
[WhiteFideId "872660"]
[BlackFideId "4145224"]
[EventDate "2011.04.06"]

1. d4 e6 2. Bf4 Nf6 3. e3 d6 4. h3 Be7 5. Nf3 b6 6. Be2 Bb7 7. O-O Nbd7 8. Nbd2
O-O 9. Rc1 Rc8 10. c4 c5 11. b3 Ne4 12. Nxe4 Bxe4 13. Nd2 Ba8 14. Bf3 e5 15.
dxe5 Nxe5 16. Bxa8 Rxa8 17. Nf3 Ng6 18. Bh2 Qc7 19. Rc2 Rad8 20. Rd2 Rd7 21. Rd5
Rfd8 22. Qd3 f6 23. Rd1 Qc6 24. Bg3 Nf8 25. Nh4 g6 26. Nf3 Ne6 27. Nh4 Kf7 28.
Nf3 Nc7 29. Rh5 Kg7 30. Rh4 f5 31. Qc3+ Bf6 32. Rxh7+ Kxh7 33. Qxf6 Kg8 34. Bf4
Rf8 35. Qxg6+ Rg7 36. Qh6 Qxf3 37. Qxg7+ Kxg7 38. gxf3 Kf7 39. Bxd6 Rd8 40. e4
f4 41. e5 Ke6 42. Kh2 Ne8 43. Rf1 Nxd6 44. exd6 Kxd6 45. Rd1+ Ke7 46. Rxd8 Kxd8
47. h4 a6 48. Kh3 b5 49. h5 1-0

[Event "11th European Senior"]
[Site "Courmayeur ITA"]
[Date "2011.04.12"]
[Round "7.41"]
[White "Diaz Begonte, Manuel"]
[Black "Bardin, Christian"]
[Result "1-0"]
[WhiteElo "1778"]
[BlackElo "1765"]
[WhiteFideId "2262002"]
[BlackFideId "638749"]
[EventDate "2011.04.06"]

1. d4 Nf6 2. Bf4 e6 3. Nf3 Be7 4. h3 d6 5. e3 O-O 6. Nbd2 c5 7. Bd3 Nc6 8. c3
cxd4 9. exd4 Re8 10. O-O Nd5 11. Bg3 Nf6 12. Qc2 h6 13. Rfe1 Nh5 14. Bh2 Bg5 15.
Nxg5 Qxg5 16. Ne4 Qd8 17. Nxd6 Rf8 18. Bh7+ Kh8 19. Bd3 Nf6 20. Re2 Ne8 21. Ne4
Nf6 22. Rae1 Nxe4 23. Bxe4 Bd7 24. d5 exd5 25. Bxd5 Qa5 26. Bb3 Rac8 27. Qd3
Rcd8 28. Bc2 f5 29. Qc4 Bc8 30. b4 Qd5 31. Qxd5 Rxd5 32. Re8 Rd8 33. Rxf8+ Rxf8
34. b5 Na5 35. Bd6 Rg8 36. Bb4 b6 37. Re7 a6 38. Bxa5 bxa5 39. bxa6 Bxa6 40. Ra7
Be2 41. Rxa5 g6 42. Re5 Bc4 43. Bb3 Rc8 44. Bxc4 Rxc4 45. Re3 Kg7 46. Kf1 f4 47.
Rd3 Kf6 48. Ke1 Ke5 49. Kd1 Ra4 50. Rd2 Ra3 51. Rc2 Ke4 52. Ke2 g5 53. f3+ Kf5
54. Kd3 h5 55. Kc4 g4 56. hxg4+ hxg4 57. fxg4+ Kxg4 58. Kb4 Ra8 59. c4 Rb8+ 60.
Ka5 Kg3 61. c5 Kh2 62. c6 Rg8 63. c7 Kh1 64. Kb6 Rxg2 65. Rxg2 Kxg2 66. c8=Q f3
67. Qc6 Kf2 68. Qxf3+ 1-0